[Event "Dortmund Kleiner Koenig VM-B"]
[Site "Dortmund"]
[Date "2004.04.06"]
[Round "7"]
[White "Jansen, Jens Uwe"]
[Black "Juergens, Ulrich"]
[Result "0-1"]
[WhiteElo "1139"]
[BlackElo "1143"]
[PlyCount "20"]
[EventDate "2004.02.17"]
[EventType "tourn"]
[EventRounds "7"]
[EventCountry "GER"]
[SourceTitle "EXT 2006"]
[Source "ChessBase"]
[SourceDate "2005.11.24"]
[SourceVersion "1"]
[SourceVersionDate "2005.11.24"]
[SourceQuality "1"]

1. e4 e5 2. Nf3 Nc6 3. d4 d5 4. Bb5 exd4 5. Qxd4 Nge7 6. Nc3 Bd7 7. Bxc6 Bxc6 8. e5 Nf5 9. Bg5 Nxd4 10. Bxd8 Nxc2+ 0-1

[Event "Dortmund1"]
[Site "Dortmund"]
[Date "2001.06.22"]
[Round "13"]
[White "Jansen, Jens Uwe"]
[Black "Netz, Herbert"]
[Result "0-1"]
[WhiteElo "1153"]
[BlackElo "1205"]
[PlyCount "104"]
[EventDate "2001.04.25"]
[EventType "tourn"]
[EventRounds "13"]
[EventCountry "GER"]
[SourceTitle "EXT 2007"]
[Source "ChessBase"]
[SourceDate "2006.11.23"]
[SourceVersion "1"]
[SourceVersionDate "2006.11.23"]
[SourceQuality "1"]

1. e4 e5 2. Nf3 Nf6 3. Nxe5 Nc6 4. d4 Nxe4 5. Qe2 Nxe5 6. Qxe4 d6 7. dxe5 Qe7 8. Nc3 dxe5 9. Bb5+ Kd8 10. Nd5 Qd6 11. 0-0 c6 12. Nc3 Kc7 13. Qc4 Be6 14. Qd3 Qe7 15. Bc4 Rd8 16. Qe4 Qf6 17. Be3 Bf5 18. Qf3 h5 19. Rad1 Rxd1 20. Qxd1 Bd6 21. Bd5 Qg6 22. Bf3 h4 23. h3 Rd8 24. Nd5+ Kb8 25. Qd2 e4 26. Qa5 exf3 27. Qxa7+ Kc8 28. Qa8+ Kd7 29. Qxb7+ Ke6 30. Nf4+ Bxf4 31. Qxc6+ Ke5 32. Bxf4+ Kxf4 33. Qxf3+ Ke5 34. Re1+ Be4 35. Qc3+ Kf5 36. Qc5+ Rd5 37. Qc8+ Kg5 38. Qg4+ Kf6 39. Qf4+ Bf5 40. Qxh4+ Qg5 41. Qxg5+ Kxg5 42. g3 Bxh3 43. f4+ Kf6 44. c4 Rd2 45. b4 Rg2+ 46. Kh1 Rxa2 47. Rc1 Bd7 48. c5 Rb2 49. c6 Bc8 50. Rc4 Kf5 51. Kg1 Kg4 52. Kf1 Ba6 0-1

[Event "Dortmund1"]
[Site "Dortmund"]
[Date "2001.05.25"]
[Round "7"]
[White "Skoecz, Horst"]
[Black "Jansen, Jens Uwe"]
[Result "0-1"]
[WhiteElo "1272"]
[BlackElo "1153"]
[PlyCount "72"]
[EventDate "2001.04.25"]
[EventType "tourn"]
[EventRounds "13"]
[EventCountry "GER"]
[SourceTitle "EXT 2007"]
[Source "ChessBase"]
[SourceDate "2006.11.23"]
[SourceVersion "1"]
[SourceVersionDate "2006.11.23"]
[SourceQuality "1"]

1. e4 e5 2. Nc3 Nf6 3. Be2 d5 4. exd5 Nxd5 5. Nxd5 Qxd5 6. Bf3 e4 7. Qe2 Bf5 8. Nh3 Be7 9. Nf4 exf3 10. Nxd5 fxe2 11. Nxc7+ Kd7 12. Nxa8 Nc6 13. c3 Bd3 14. f4 Rxa8 15. h4 Rd8 16. g4 h6 17. b4 a6 18. Rh3 Ke8 19. g5 Rd6 20. a4 Nd8 21. Ba3 Ne6 22. b5 Rd5 23. Re3 Bxa3 24. Rxa3 Kd7 25. Re5 Kd6 26. Rxd5+ Kxd5 27. bxa6 bxa6 28. gxh6 gxh6 29. f5 Nf4 30. Ra1 Ke4 31. Kf2 Nh3+ 32. Kg3 Nf4 33. Kf2 Bc4 34. Rb1 a5 35. Rh1 Kd3 36. Kf3 Bd5+ 0-1

[Event "Dortmund1"]
[Site "Dortmund"]
[Date "2001.05.04"]
[Round "3"]
[White "Winkler, Harald"]
[Black "Jansen, Jens Uwe"]
[Result "1-0"]
[WhiteElo "1250"]
[BlackElo "1153"]
[PlyCount "125"]
[EventDate "2001.04.25"]
[EventType "tourn"]
[EventRounds "13"]
[EventCountry "GER"]
[SourceTitle "EXT 2007"]
[Source "ChessBase"]
[SourceDate "2006.11.23"]
[SourceVersion "1"]
[SourceVersionDate "2006.11.23"]
[SourceQuality "1"]

1. g3 e5 2. c4 Nf6 3. Nc3 d5 4. cxd5 Nxd5 5. Bg2 c6 6. d4 Nxc3 7. bxc3 exd4 8. cxd4 Bb4+ 9. Kf1 0-0 10. Bb2 Re8 11. e4 Qf6 12. Qc2 Bd7 13. Nf3 Be6 14. Ne5 Nd7 15. Nxd7 Bxd7 16. Bc3 c5 17. e5 Bb5+ 18. Kg1 Qa6 19. Bxb4 cxb4 20. Bf1 Rac8 21. Bxb5 Qxb5 22. Qe4 Rc4 23. Kg2 Qb6 24. Rhd1 f6 25. Qd5+ Qe6 26. Qxe6+ Rxe6 27. exf6 Rxf6 28. Rd2 Rd6 29. Rad1 Kf7 30. d5 a5 31. f4 Rc3 32. Rd3 b5 33. Kf2 Rxd3 34. Rxd3 a4 35. Ke3 b3 36. axb3 a3 37. Kd4 a2 38. Rd1 Ra6 39. Ra1 Kf6 40. g4 h6 41. Kc5 Ra3 42. Kb4 Ra8 43. Kxb5 Ke7 44. Kc4 Rc8+ 45. Kd3 Ra8 46. Kc2 Kd6 47. Kb2 Kxd5 48. Rxa2 Rc8 49. Ra7 g5 50. fxg5 hxg5 51. Rg7 Ke4 52. Rxg5 Rh8 53. Rh5 Rg8 54. g5 Kf4 55. h4 Kg4 56. Rh7 Kf5 57. b4 Kg6 58. Rh6+ Kf5 59. Kb3 Rf8 60. g6 Kf6 61. h5 Kg7 62. Rh7+ Kg8 63. h6 1-0

[Event "Dortmund ABC Anfaenger 14th"]
[Site "Dortmund"]
[Date "2000.10.28"]
[Round "6"]
[White "Milonas, Georgios"]
[Black "Jansen, Jens Uwe"]
[Result "0-1"]
[WhiteElo "811"]
[BlackElo "911"]
[PlyCount "96"]
[EventDate "2000.??.??"]
[EventType "tourn"]
[EventRounds "13"]
[EventCountry "GER"]
[SourceTitle "EXT 2003"]
[Source "ChessBase"]
[SourceDate "2002.11.25"]
[SourceVersion "1"]
[SourceVersionDate "2002.11.25"]
[SourceQuality "1"]

1. e4 e5 2. Nf3 Nc6 3. Bb5 a6 4. Ba4 b5 5. Bb3 Nf6 6. d3 Bb7 7. Bg5 Be7 8. Nbd2 0-0 9. c4 Na5 10. cxb5 axb5 11. 0-0 c6 12. Bc2 h6 13. Bxf6 Bxf6 14. a3 Bc8 15. b4 Nb7 16. h3 d6 17. g4 Be6 18. Nh2 Bh4 19. f4 Qb6+ 20. Kh1 Qe3 21. f5 Bd7 22. Rf3 Qd4 23. Nb3 Qc3 24. d4 Qc4 25. Bd3 Qc3 26. Bb1 Qb2 27. Ra2 Qxa2 28. Bxa2 Rxa3 29. Na5 Rxa2 30. dxe5 dxe5 31. Nxb7 Bc8 32. Na5 Rd8 33. Qxd8+ Bxd8 34. Nxc6 Bf6 35. Na5 Ra4 36. Rc3 Ba6 37. Rc6 Ra1+ 38. Kg2 Ra2+ 39. Kg3 Be7 40. Rxa6 Bxb4 41. f6 Bxa5 42. Rc6 Be1+ 43. Kf3 Rxh2 44. Rc8+ Kh7 45. fxg7 Kxg7 46. h4 Bxh4 47. Rc5 b4 48. Rxe5 b3 0-1

[Event "Dortmund ABC Anfaenger 14th"]
[Site "Dortmund"]
[Date "2000.10.20"]
[Round "4"]
[White "Thiemig, Rolf"]
[Black "Jansen, Jens Uwe"]
[Result "1-0"]
[WhiteElo "1277"]
[BlackElo "911"]
[PlyCount "76"]
[EventDate "2000.??.??"]
[EventType "tourn"]
[EventRounds "13"]
[EventCountry "GER"]
[SourceTitle "EXT 2003"]
[Source "ChessBase"]
[SourceDate "2002.11.25"]
[SourceVersion "1"]
[SourceVersionDate "2002.11.25"]
[SourceQuality "1"]

1. b3 e5 2. Bb2 Nc6 3. e3 d6 4. Bb5 Bd7 5. Nf3 a6 6. Bxc6 Bxc6 7. 0-0 Ne7 8. d3 Ng6 9. Nbd2 Be7 10. a4 Bf6 11. e4 d5 12. Re1 d4 13. Nc4 0-0 14. Ba3 Be7 15. Nfxe5 Nxe5 16. Nxe5 Bxa3 17. Rxa3 Qd6 18. Nc4 Qf4 19. Qa1 Rad8 20. Na5 Qf6 21. Nc4 Rfe8 22. Qc1 Bd7 23. Ra1 Qg6 24. Qf4 Bh3 25. g3 Qh5 26. Nd2 c5 27. f3 Re5 28. Re2 Rd6 29. Nc4 Rde6 30. Nxe5 Rxe5 31. Rf2 f6 32. Qd2 g5 33. Qa5 Qf7 34. f4 gxf4 35. Rxf4 c4 36. Qd8+ Re8 37. Qxf6 Qxf6 38. Rxf6 Kg7 1-0

[Event "Dortmund ABC Anfaenger 14th"]
[Site "Dortmund"]
[Date "2000.10.14"]
[Round "2"]
[White "Rutmann, Ulrich"]
[Black "Jansen, Jens Uwe"]
[Result "0-1"]
[WhiteElo "1169"]
[BlackElo "911"]
[PlyCount "50"]
[EventDate "2000.??.??"]
[EventType "tourn"]
[EventRounds "13"]
[EventCountry "GER"]
[SourceTitle "EXT 2003"]
[Source "ChessBase"]
[SourceDate "2002.11.25"]
[SourceVersion "1"]
[SourceVersionDate "2002.11.25"]
[SourceQuality "1"]

1. e4 e5 2. Nf3 Nf6 3. Nc3 Nc6 4. Bc4 Bc5 5. 0-0 0-0 6. d3 d6 7. h3 Na5 8. Bd5 c6 9. Bb3 Nxb3 10. axb3 Re8 11. d4 exd4 12. Nxd4 Nxe4 13. Nf3 Qf6 14. Qe2 Bf5 15. Nxe4 Rxe4 16. Qd1 Rae8 17. Bg5 Qe6 18. Bh4 h6 19. c3 Bxh3 20. gxh3 Qxh3 21. Ra4 Rxa4 22. bxa4 Re4 23. Bg3 Qxg3+ 24. Kh1 Qh3+ 25. Nh2 Rh4 0-1